Govt. of
Madhya Pradesh

Skidmore Owings & Merrill Architecture and Urbanism 1973-1983 (Record no. 40183)

MARC details
000 -LEADER
fixed length control field 004800000a22001810004500
003 - CONTROL NUMBER IDENTIFIER
control field MACL
005 - DATE AND TIME OF LATEST TRANSACTION
control field 20151220153055.0
008 - FIXED-LENGTH DATA ELEMENTS--GENERAL INFORMATION
fixed length control field 151220b xxu||||| |||| 00| 0 eng d
040 ## - CATALOGING SOURCE
Original cataloging agency MACL
Transcribing agency MACL
041 ## - LANGUAGE CODE
Language code of text/sound track or separate title English
082 ## - DEWEY DECIMAL CLASSIFICATION NUMBER
Classification number 720/THA
100 ## - MAIN ENTRY--PERSONAL NAME
Personal name Bush, Albert
9 (RLIN) 21663
245 ## - TITLE STATEMENT
Title Skidmore Owings & Merrill Architecture and Urbanism 1973-1983
260 ## - PUBLICATION, DISTRIBUTION, ETC. (IMPRINT)
Name of publisher, distributor, etc. Thames and Hudson
Date of publication, distribution, etc. 1984
Place of publication, distribution, etc. Germany
350 ## - PRICE (NR) (BK AM CF MU VM SE) [OBSOLETE]
Price 2783
650 ## - SUBJECT ADDED ENTRY--TOPICAL TERM
Topical term or geographic name as entry element Architecture
9 (RLIN) 259
942 ## - ADDED ENTRY ELEMENTS (KOHA)
Koha item type Books
Call number prefix 720/THA
Source of classification or shelving scheme
Holdings
Withdrawn status Lost status Source of classification or shelving scheme Damaged status Not for loan Home library Current library Date acquired Cost, normal purchase price Total Checkouts Full call number Barcode Date last seen Uniform Resource Identifier Price effective from Koha item type
          MACL MACL 15/04/2015 2783.00   720/THA RBKS RB0003125 29/04/2015 40429 15/04/2015 Books